|
|
|
|
| LEADER |
00942nas a22002412u 4500 |
| 003 |
GR-PaULI |
| 005 |
20220623155653.0 |
| 008 |
070906c gr r p gre |
| 952 |
|
|
|0 0
|1 0
|2 ddc
|4 0
|6 330_000000000000000
|7 0
|9 361506
|a LISA
|b LISA
|c SER
|d 2022-06-20
|i 145
|l 0
|o 330
|r 2022-06-20 00:00:00
|t 1
|w 2022-06-20
|y JNL
|
| 999 |
|
|
|c 211254
|d 211254
|
| 022 |
|
|
|a 1109-8597
|
| 040 |
|
|
|a GR-PaULI
|b GR-PaULI
|d GR-AiPI
|
| 082 |
0 |
4 |
|a 330
|
| 222 |
|
|
|a SEEJE-South Eastern Europe Journal of Economics
|b [Περιοδικό]
|
| 245 |
1 |
0 |
|a SEEJE-South Eastern Europe Journal of Economics
|h [Περιοδικό]
|
| 260 |
|
|
|a Thessaloniki :
|b University of Macedonia Press,
|c 2003.
|
| 300 |
|
|
|a τ.
|
| 310 |
|
|
|a Εξαμηνιαίο
|
| 362 |
0 |
|
|a vol. 1 no. 1(2003 ) -vol. 9 no. 1 (2011)
|
| 650 |
|
4 |
|9 182657
|a Οικονομική
|v Περιοδικά.
|
| 866 |
|
|
|a vol. 1 no. 1(2003 ) -vol. 9 no. 1 (2011)
|
| 942 |
|
|
|2 ddc
|s 1
|c JNL
|
| 998 |
|
|
|c ΜΙΧΟΣΤΑΥΡΟΥ
|